countries that start with A - Statistics

General Stats
  • This quiz has been taken 35 times
  • The average score is 10 of 11
Answer Stats
Hint Answer % Correct
europe- balkan Albania
100%
europe- landlock Andorra
97%
south america Argentina
97%
europe-asia- non russian border Armenia
97%
europe- german country Austria
97%
africa- south Angola
94%
north america Antigua and Barbuda
94%
oceania- the only one at A Australia
94%
asia- europe-russian border Azerbaijan
94%
asia- stan Afghanistan
91%
africa- north Algeria
91%
No matching quizzes found
Score Distribution
Percent of People with Each Score
Percentile by Number Answered
Your Score History
You have not taken this quiz